000 00641nam a2200217 i 4500
001 144811
003 ES-MaACL
005 20251007171217.0
007 t|
008 070214s1956 sp r ||||1| spa d
100 1 _aSlaughter, Frank G.
_9106773
245 1 0 _aMadera de ébano
_b: novela /
_cFrank G. Slaughter ; [traducción del inglés por Fernando González].
250 _a[1ª ed.].
260 _aBarcelona :
_bPlaneta,
_c1956 (
_eImp. Pulcra)
300 _a484 p. ;
_c19 cm.
490 1 _aLuyve
710 1 _a
_9242334
830 0 _aLuyve
_9181395
852 _aES-MaACL
_jC-11040
_bR.39136
999 _c144811
_d144811